LEADER 01008nam0 22002411i 450 001 UON00134588 005 20231205102814.924 100 $a20020107d1975 |0itac50 ba 101 $aeng 102 $aUS 105 $a|||| 1|||| 200 1 $aTrends in the studies and research on buddhist arts in USSR and Eastern European Countries 1960-1969$fG. M. Bongard-Levin 205 $a[s.l.] : [s.n.]$b[1975] 210 $app. 43-52$a23 cm 215 $aEsemplare in fotocopia 686 $aAC IX$cASIA CENTRALE - ARTI$2A 700 1$aBongard-Levin$bGrigorij M.$3UONV008841$00 801 $aIT$bSOL$c20240220$gRICA 899 $aSIBA - SISTEMA BIBLIOTECARIO DI ATENEO$2UONSI 912 $aUON00134588 950 $aSIBA - SISTEMA BIBLIOTECARIO DI ATENEO$dSI MISC AC IX 003 $eSI ARF2531 5 003 996 $aTrends in the studies and research on buddhist arts in USSR and Eastern European Countries 1960-1969$91315093 997 $aUNIOR